[Event "2BLO 2324 SV Deggendorf - Nickelhütte A"]
[Site "?"]
[Date "2023.10.21"]
[Round "1.1"]
[White "Antal, Gergely"]
[Black "Krivoborodov, Egor"]
[Result "1/2-1/2"]
[WhiteElo "2563"]
[BlackElo "2545"]
[PlyCount "120"]
[EventDate "2023.??.??"]

1. e4 c5 2. Nf3 g6 3. c3 d5 4. e5 a6 5. d4 Nc6 6. dxc5 Bg7 7. Bf4 f6 8. exf6 Nxf6 9. Be2 O-O 10. O-O Nh5 11. Be3 Nf4 12. Bxf4 Rxf4 13. Qb3 Na5 14. Qb6 Qxb6 15. cxb6 Rf6 16. Rd1 Rd6 17. Na3 Bg4 18. Rac1 Rad8 19. h3 Bxf3 20. Bxf3 e6 21. Rc2 Rxb6 22. Rcd2 Rc8 23. Re2 Kf7 24. h4 h5 25. g3 Bf8 26. Nb1 Nc4 27. b3 Nd6 28. Bg2 Bg7 29. Rd3 Nf5 30. Re1 Rc7 31. Red1 Ke7 32. c4 dxc4 33. bxc4 Rd6 34. Rxd6 Nxd6 35. Nd2 b6 36. Bf1 Bc3 37. Nf3 Nxc4 38. Rc1 Nd6 39. Bxa6 b5 40. Nd4 b4 41. Ne2 Ra7 42. Bd3 Rxa2 43. Nxc3 Ra3 44. Bxg6 Rxc3 45. Rxc3 bxc3 46. Kf1 Kf6 47. Bc2 Ke5 48. Ke2 Kd4 49. Bg6 Nc4 50. Kd1 Nd2 51. Kc2 Ne4 52. Bxh5 Nxf2 53. Bg6 Ke3 54. h5 Ng4 55. Bf7 Nf6 56. h6 Kf3 57. Kxc3 Kxg3 58. Kd4 Kf4 59. Bxe6 Kg5 60. h7 Nxh7 1/2-1/2

[Event "2BLO 2324 SV Deggendorf - Nickelhütte A"]
[Site "?"]
[Date "2023.10.21"]
[Round "1.2"]
[White "Delchev, Aleksander"]
[Black "Gonda, Laszlo"]
[Result "1/2-1/2"]
[WhiteElo "2514"]
[BlackElo "2494"]
[PlyCount "59"]
[EventDate "2023.??.??"]

1. e4 e5 2. Nf3 Nc6 3. Bc4 Nf6 4. d3 Be7 5. Nc3 d6 6. a4 O-O 7. O-O Be6 8. Re1 Qd7 9. a5 Nb4 10. Bxe6 fxe6 11. Ne2 c5 12. Ng3 Bd8 13. Bd2 Nc6 14. Rb1 Bc7 15. b4 cxb4 16. Bxb4 b6 17. a6 b5 18. Bd2 Rab8 19. h3 Bb6 20. c3 b4 21. cxb4 Nd4 22. Nh2 Ne8 23. Rf1 Nc7 24. Qc1 Qb5 25. Qc4 Qe8 26. Be3 Ncb5 27. Rbc1 Qg6 28. Qa2 h6 29. Kh1 Rf7 30. Rc4 1/2-1/2

[Event "2BLO 2324 SV Deggendorf - Nickelhütte A"]
[Site "?"]
[Date "2023.10.21"]
[Round "1.3"]
[White "Slobodjan, Roman"]
[Black "Bogosavljevic, Boban"]
[Result "1-0"]
[WhiteElo "2445"]
[BlackElo "2479"]
[PlyCount "151"]
[EventDate "2023.??.??"]

1. e4 c5 2. Nc3 g6 3. h4 Bg7 4. h5 Nc6 5. d3 d6 6. Nh3 Rb8 7. Ng5 b5 8. a3 a5 9. Ne2 b4 10. axb4 axb4 11. c3 bxc3 12. bxc3 Bg4 13. f3 Bd7 14. hxg6 hxg6 15. Rxh8 Bxh8 16. Be3 Ne5 17. Kf2 Bg7 18. Rb1 Nh6 19. Kg3 f6 20. Nh3 g5 21. Neg1 d5 22. d4 Ng6 23. exd5 Qc7+ 24. Kf2 Nf5 25. Ne2 Nxe3 26. Kxe3 cxd4+ 27. cxd4 Nh4 28. Rxb8+ Qxb8 29. g3 Nf5+ 30. Kf2 Bh6 31. Qd3 Kf8 32. Nhg1 Qb2 33. Bh3 g4 34. Bxg4 Be3+ 35. Kf1 Nxg3+ 36. Kg2 Bxg4 37. Qxe3 Nxe2 38. Nxe2 Bf5 39. Kg3 Kf7 40. Nf4 Qb8 41. Kf2 Qb2+ 42. Kg3 Qb8 43. Qd2 Qg8+ 44. Kf2 Qg5 45. Qc1 Bd7 46. Ke3 Kg7 47. Qh1 Be8 48. Qg2 Bf7 49. Qg4 Qxg4 50. fxg4 Be8 51. Ng2 Ba4 52. Nh4 Kf7 53. Nf5 Bd7 54. d6 e6 55. Ne7 e5 56. dxe5 Bxg4 57. Kf4 Bd7 58. Nf5 fxe5+ 59. Kxe5 Ke8 60. Nd4 Kd8 61. Kd5 Kc8 62. Ne6 Kb7 63. Ke5 Kc6 64. Nd8+ Kc5 65. Nf7 Ba4 66. Ke6 Bb3+ 67. Ke7 Ba4 68. Kd8 Kc6 69. Ke7 Kc5 70. Ne5 Kd5 71. Nd7 Bb5 72. Nf6+ Ke5 73. Nd7+ Kd5 74. Nb8 Be8 75. Nd7 Kc6 76. Nf6 1-0

[Event "2BLO 2324 SV Deggendorf - Nickelhütte A"]
[Site "?"]
[Date "2023.10.21"]
[Round "1.4"]
[White "Sedlak, Nikola"]
[Black "Berczes, David"]
[Result "1/2-1/2"]
[WhiteElo "2453"]
[BlackElo "2445"]
[PlyCount "75"]
[EventDate "2023.??.??"]

1. e4 e5 2. Nf3 Nc6 3. Bc4 Nf6 4. d3 Bc5 5. O-O O-O 6. h3 d6 7. a4 a6 8. Be3 Ba7 9. a5 Ne7 10. Nc3 Ng6 11. d4 Qe7 12. Re1 Be6 13. Bf1 h6 14. Qc1 Rfe8 15. b3 exd4 16. Nxd4 Bd7 17. Nf3 Ne5 18. Nh2 Bxe3 19. Rxe3 Ng6 20. Qa3 Bc6 21. Rae1 d5 22. Qxe7 Rxe7 23. exd5 Rxe3 24. Rxe3 Nxd5 25. Nxd5 Bxd5 26. g3 Kf8 27. Ng4 Re8 28. f4 Rxe3 29. Nxe3 Be4 30. Kf2 Ne7 31. c3 c5 32. Bg2 Bxg2 33. Kxg2 Nc6 34. Nc4 Ke7 35. Kf3 Ke6 36. g4 g6 37. h4 f6 38. Ke4 1/2-1/2

[Event "2BLO 2324 SV Deggendorf - Nickelhütte A"]
[Site "?"]
[Date "2023.10.21"]
[Round "1.6"]
[White "Popovic, Dusan"]
[Black "Cerveny, Martin"]
[Result "1-0"]
[WhiteElo "2498"]
[BlackElo "2388"]
[PlyCount "105"]
[EventDate "2023.??.??"]

1. Nf3 Nf6 2. g3 d5 3. Bg2 Bg4 4. O-O Nbd7 5. d3 e5 6. Nbd2 Bd6 7. h3 Bxf3 8. Nxf3 Qe7 9. Nh4 g6 10. c4 c6 11. cxd5 Nxd5 12. Bh6 O-O-O 13. b4 Bxb4 14. Qb3 Nc5 15. Qc4 Ne6 16. Rab1 Bc5 17. Rfc1 Kb8 18. Nf3 f6 19. Bd2 g5 20. e3 h5 21. a4 Ka8 22. Rb3 Rd7 23. Rcb1 h4 24. g4 a6 25. Bc1 Rhd8 26. Ne1 Ba7 27. Ba3 Qe8 28. Be4 Rc7 29. Nc2 Qd7 30. Bf5 a5 31. Bc1 Re8 32. Bd2 b6 33. d4 Qd6 34. Rd3 e4 35. Rdb3 Ng7 36. Bg6 Re6 37. Bxa5 Rb7 38. Be1 Bb8 39. Nb4 Qh2+ 40. Kf1 Qxh3+ 41. Ke2 Qxg4+ 42. Kd2 Nxb4 43. Rxb4 c5 44. dxc5 h3 45. c6 Rc7 46. Rxb6 Ba7 47. Qa6 Rd6+ 48. Kc2 Qc8 49. Rb8+ Qxb8 50. Rxb8+ Kxb8 51. Bxe4 h2 52. Ba5 Ne6 53. Bxc7+ 1-0

[Event "2BLO 2324 SV Deggendorf - Nickelhütte A"]
[Site "?"]
[Date "2023.10.21"]
[Round "1.7"]
[White "Spiess, Gunter"]
[Black "Petrov, Martin"]
[Result "1/2-1/2"]
[WhiteElo "2345"]
[BlackElo "2500"]
[PlyCount "80"]
[EventDate "2023.??.??"]

1. d4 Nf6 2. c4 e6 3. Nf3 b6 4. g3 Bb4+ 5. Bd2 Be7 6. Bg2 c6 7. O-O O-O 8. Qc2 d5 9. Bf4 Bb7 10. Rd1 Nbd7 11. Nc3 dxc4 12. Nd2 Nd5 13. Nxc4 Nxf4 14. gxf4 Qc7 15. e3 Rfd8 16. Rac1 Rac8 17. Qb1 a5 18. a3 Qb8 19. f5 exf5 20. Qxf5 g6 21. Qh3 Ba6 22. Ne4 c5 23. d5 Bxc4 24. Rxc4 b5 25. d6 Nb6 26. Rcd4 cxd4 27. dxe7 Re8 28. Nf6+ Kg7 29. Nxe8+ Rxe8 30. exd4 Rxe7 31. Qc3 Na4 32. Qd2 Qd6 33. b3 Nb6 34. Qxa5 Nd5 35. Bxd5 Qxd5 36. Qc3 Re5 37. dxe5 Qxd1+ 38. Kg2 Qg4+ 39. Kf1 Qd1+ 40. Kg2 Qg4+ 1/2-1/2

[Event "2BLO 2324 SV Deggendorf - Nickelhütte A"]
[Site "?"]
[Date "2023.10.21"]
[Round "1.8"]
[White "Miljkovic, Miroslav D"]
[Black "Wichmann, Cliff"]
[Result "1-0"]
[WhiteElo "2430"]
[BlackElo "2307"]
[PlyCount "95"]
[EventDate "2023.??.??"]

1. d4 d5 2. c4 c6 3. cxd5 cxd5 4. Nc3 Nc6 5. Bf4 e5 6. dxe5 d4 7. Ne4 Qa5+ 8. Nd2 Nxe5 9. Bxe5 Qxe5 10. Ngf3 Qd6 11. Qa4+ Bd7 12. Qxd4 Nf6 13. e3 Qxd4 14. Nxd4 Be6 15. Rc1 Bb4 16. a3 Bxd2+ 17. Kxd2 O-O 18. f3 Rad8 19. Bc4 Rfe8 20. Rhd1 Bd5 21. Ke2 a6 22. Kf2 g6 23. Bxd5 Nxd5 24. e4 Nb6 25. b3 Rd7 26. Ne2 Red8 27. Rxd7 Rxd7 28. Ke3 Kf8 29. a4 Re7 30. Rc5 Re8 31. Nc3 Rd8 32. Rc7 Nd7 33. Nd5 b6 34. b4 a5 35. b5 Ke8 36. f4 Kf8 37. Rc6 Rb8 38. Kd4 Rb7 39. e5 Rb8 40. Rd6 Rb7 41. Nf6 Nc5 42. Rd8+ Kg7 43. Rg8+ Kh6 44. g4 Ne6+ 45. Ke4 g5 46. h4 gxf4 47. g5+ Nxg5+ 48. hxg5# 1-0

[Event "2BLO 2324 Münchener Schachclub 1836 - S"]
[Site "Augsburg"]
[Date "2023.10.22"]
[Round "2.1"]
[White "Vykouk, Jan"]
[Black "Sarana, Alexey"]
[Result "1/2-1/2"]
[WhiteElo "2483"]
[BlackElo "2682"]
[PlyCount "41"]
[EventDate "2023.??.??"]

1. e4 c5 2. Nf3 d6 3. d4 cxd4 4. Nxd4 Nf6 5. Nc3 a6 6. Bg5 e6 7. f4 Qb6 8. Qd2 Qxb2 9. Rb1 Qa3 10. e5 h6 11. Bh4 dxe5 12. fxe5 g5 13. exf6 gxh4 14. Be2 Nd7 15. Ne4 Nc5 16. Nb5 axb5 17. Nxc5 Bxc5 18. Bxb5+ Bd7 19. Bxd7+ Kf8 20. Rxb7 Be3 21. Qb4+ 1/2-1/2

[Event "2BLO 2324 Münchener Schachclub 1836 - S"]
[Site "Augsburg"]
[Date "2023.10.22"]
[Round "2.2"]
[White "Predke, Alexandr"]
[Black "Haba, Petr"]
[Result "1-0"]
[WhiteElo "2656"]
[BlackElo "2445"]
[PlyCount "73"]
[EventDate "2023.??.??"]

1. Nf3 d5 2. g3 Bg4 3. Bg2 c6 4. O-O Nd7 5. h3 Bh5 6. d4 e6 7. c4 Ngf6 8. cxd5 cxd5 9. Nc3 Bxf3 10. Bxf3 Be7 11. e4 dxe4 12. Nxe4 Nd5 13. Qb3 Qb6 14. Qxb6 axb6 15. Nc3 N7f6 16. Bg5 O-O-O 17. a4 h6 18. Bxf6 Bxf6 19. Bxd5 exd5 20. Rfd1 Rd6 21. Nb5 Re6 22. Rac1+ Kb8 23. Rc7 Re7 24. Rxe7 Bxe7 25. Rd3 Bf6 26. Kg2 Re8 27. Rf3 Re2 28. Re3 Rc2 29. b3 Rc6 30. Rf3 Rc8 31. Rf5 Rd8 32. Kf3 Kc8 33. Ke3 Rd7 34. Kd3 Kd8 35. Nc3 Ke7 36. Nxd5+ Ke6 37. Nxf6 1-0

[Event "2BLO 2324 Münchener Schachclub 1836 - S"]
[Site "Augsburg"]
[Date "2023.10.22"]
[Round "2.3"]
[White "Hess, Max"]
[Black "Indjic, Aleksandar"]
[Result "1-0"]
[WhiteElo "2378"]
[BlackElo "2610"]
[PlyCount "85"]
[EventDate "2023.??.??"]

1. c4 e5 2. Nc3 d6 3. Nf3 f5 4. d4 e4 5. Ng1 c6 6. Bf4 Be7 7. e3 Nf6 8. Bg3 Na6 9. h4 Nc7 10. Nh3 O-O 11. Nf4 Ne6 12. Be2 Nxf4 13. Bxf4 Be6 14. O-O Bf7 15. b4 d5 16. c5 a6 17. a4 h6 18. b5 axb5 19. axb5 Nd7 20. h5 Nf6 21. Be5 Qd7 22. Ra4 Qe6 23. b6 Bxc5 24. Bxf6 Qxf6 25. Nxd5 Bxd5 26. dxc5 Qc3 27. Qa1 Qxa1 28. Rfxa1 Rab8 29. Kh2 Rfd8 30. Kg3 Kf7 31. Kf4 Be6 32. Rd4 Kf6 33. Rxd8 Rxd8 34. Rd1 Ra8 35. Rd6 Ke7 36. Ke5 Bf7 37. Kxf5 Ra2 38. Bg4 Rxf2+ 39. Ke5 Be8 40. Bc8 Rc2 41. Re6+ Kd8 42. Rxe8+ Kxe8 43. Kd6 1-0

[Event "2BLO 2324 Münchener Schachclub 1836 - S"]
[Site "Augsburg"]
[Date "2023.10.22"]
[Round "2.4"]
[White "Martinovic, Sasa"]
[Black "Renner, Christoph"]
[Result "1-0"]
[WhiteElo "2556"]
[BlackElo "2313"]
[PlyCount "55"]
[EventDate "2023.??.??"]

1. d4 f5 2. g3 Nf6 3. Bg2 g6 4. Nd2 Bg7 5. e4 fxe4 6. Nxe4 Nxe4 7. Bxe4 d5 8. Bg2 Nc6 9. Nf3 Bg4 10. c3 Qd7 11. h3 Bxf3 12. Qxf3 O-O-O 13. O-O e5 14. dxe5 Nxe5 15. Qd1 Qf5 16. Be3 Kb8 17. Bd4 Rhg8 18. Re1 h5 19. f4 Nc6 20. Bxg7 Rxg7 21. Qf3 g5 22. Qxh5 d4 23. cxd4 Qd3 24. d5 gxf4 25. dxc6 Qxg3 26. Re2 a6 27. Rf1 Rdg8 28. cxb7 1-0

[Event "2BLO 2324 Münchener Schachclub 1836 - S"]
[Site "Augsburg"]
[Date "2023.10.22"]
[Round "2.5"]
[White "Bredl, Harald"]
[Black "Costa, Leonardo"]
[Result "0-1"]
[WhiteElo "2308"]
[BlackElo "2387"]
[PlyCount "44"]
[EventDate "2023.??.??"]

1. d4 Nf6 2. Nf3 d5 3. c4 e6 4. e3 Be7 5. b3 O-O 6. Bb2 c5 7. Nbd2 cxd4 8. exd4 b6 9. Be2 Bb7 10. O-O Nc6 11. Rc1 Rc8 12. Qc2 Re8 13. Rfd1 Bf8 14. a3 dxc4 15. bxc4 Qc7 16. Nb3 Qf4 17. Qb1 Ne7 18. Qa1 Nf5 19. Nbd2 Ne3 20. Re1 Nxg2 21. Kxg2 Qxd2 22. d5 Qf4 0-1

[Event "2BLO 2324 Münchener Schachclub 1836 - S"]
[Site "Augsburg"]
[Date "2023.10.22"]
[Round "2.6"]
[White "Watson, William N"]
[Black "Rusche, Johannes"]
[Result "1-0"]
[WhiteElo "2478"]
[BlackElo "2307"]
[PlyCount "89"]
[EventDate "2023.??.??"]

1. e4 e5 2. Nf3 Nc6 3. Bb5 a6 4. Ba4 Nf6 5. O-O Be7 6. Re1 b5 7. Bb3 d6 8. a4 Bd7 9. c3 Na5 10. Bc2 c5 11. d4 Qb8 12. Bg5 Ra7 13. Bh4 Nc6 14. dxc5 dxc5 15. Nbd2 O-O 16. Nf1 Rd8 17. Ne3 Be6 18. Qe2 Ng4 19. Bxe7 Rxe7 20. axb5 axb5 21. Nd5 Bxd5 22. exd5 e4 23. Bxe4 f5 24. dxc6 Rxe4 25. Qc2 Rde8 26. Red1 Qb6 27. h3 Nf6 28. Rd6 Qc7 29. Rad1 c4 30. Qd2 h6 31. Rxf6 gxf6 32. Qxh6 Qxc6 33. Qg6+ Kf8 34. Qxf5 Kg7 35. Rd5 Re2 36. Nd4 Re1+ 37. Kh2 Qc7+ 38. g3 Qf7 39. Qg4+ Kf8 40. Rh5 Qg7 41. Qf3 R1e5 42. Nf5 Qg8 43. Nd6 Rxh5 44. Qxf6+ Qf7 45. Qxf7# 1-0

[Event "2BLO 2324 Münchener Schachclub 1836 - S"]
[Site "Augsburg"]
[Date "2023.10.22"]
[Round "2.7"]
[White "Schmitz, Thorsten"]
[Black "Froewis, Georg"]
[Result "1/2-1/2"]
[WhiteElo "2236"]
[BlackElo "2461"]
[PlyCount "120"]
[EventDate "2023.??.??"]

1. e4 c5 2. Nf3 e6 3. g3 Nc6 4. Bg2 Nf6 5. Qe2 d5 6. exd5 Nxd5 7. O-O Be7 8. Rd1 Bf6 9. Nc3 O-O 10. Ne4 Be7 11. d4 cxd4 12. Nxd4 Nxd4 13. Rxd4 Nf4 14. Nf6+ Bxf6 15. Rxf4 a5 16. c3 Ra6 17. Be3 e5 18. Rc4 Rd6 19. Rc5 Re8 20. Be4 g6 21. c4 Bg7 22. Rd5 Rxd5 23. Bxd5 e4 24. Rd1 Qf6 25. Bd4 Qg5 26. Qe3 Qh5 27. Re1 Bh6 28. f4 Bf8 29. Bc3 Bb4 30. Bxb4 axb4 31. Qb6 Qf5 32. Qxb4 e3 33. Qc3 e2 34. Qd2 Qh5 35. Qd4 Be6 36. b4 b5 37. Bxe6 Rxe6 38. cxb5 Qxb5 39. a3 Re8 40. Kf2 Qh5 41. Kg2 Qb5 42. Qc3 h5 43. h4 Qb7+ 44. Qf3 Qb5 45. f5 gxf5 46. Qxh5 Qd5+ 47. Kh2 Qd2 48. Qg5+ Qxg5 49. hxg5 Re3 50. b5 Kg7 51. a4 Re4 52. Kg2 Rxa4 53. Rxe2 Rb4 54. Re5 Kg6 55. Kh3 Kxg5 56. Rc5 Rb3 57. Rd5 Kf6 58. Kg2 Rb2+ 59. Kf3 Kg5 60. Rc5 Rb3+ 1/2-1/2

[Event "2BLO 2324 Münchener Schachclub 1836 - S"]
[Site "Augsburg"]
[Date "2023.10.22"]
[Round "2.8"]
[White "Radovanovic, Nikola"]
[Black "Werner, Denis"]
[Result "1-0"]
[WhiteElo "2434"]
[BlackElo "2228"]
[PlyCount "91"]
[EventDate "2023.??.??"]

1. e4 c5 2. Nf3 Nc6 3. d4 cxd4 4. Nxd4 g6 5. c4 Nf6 6. Nc3 Nxd4 7. Qxd4 d6 8. Be3 Bg7 9. f3 O-O 10. Qd2 Be6 11. Rc1 Qa5 12. b3 Rfc8 13. Bd3 a6 14. Nd5 Qxd2+ 15. Kxd2 Bxd5 16. cxd5 Nd7 17. b4 Ne5 18. Be2 b5 19. f4 Nc4+ 20. Bxc4 bxc4 21. Rc2 Bb2 22. Rb1 c3+ 23. Kd3 Rcb8 24. Kc4 Rb7 25. Bc1 Rc8+ 26. Kd3 Bxc1 27. Rcxc1 Rcb8 28. a3 a5 29. Rxc3 axb4 30. Rcb3 Ra8 31. axb4 Kf8 32. e5 Ra2 33. R1b2 Ra1 34. Rb1 Ra2 35. R3b2 Ra3+ 36. Kd4 Ke8 37. e6 f5 38. Rc1 Kd8 39. b5 Rba7 40. Rb4 Rc7 41. Rc6 Rc8 42. b6 Rb8 43. Rc7 Ra6 44. Rd7+ Ke8 45. b7 Ra7 46. Rc4 1-0

[Event "2BLO 2324 SC Erlangen - SK Göggingen"]
[Site "Augsburg"]
[Date "2023.10.22"]
[Round "2.1"]
[White "Postny, Evgeny"]
[Black "Mons, Leon"]
[Result "1/2-1/2"]
[WhiteElo "2568"]
[BlackElo "2507"]
[PlyCount "62"]
[EventDate "2023.??.??"]

1. d4 Nf6 2. c4 e6 3. Nf3 d5 4. Nc3 h6 5. Bf4 dxc4 6. e3 Bd6 7. Bg3 O-O 8. Bxc4 Bxg3 9. hxg3 c5 10. a3 cxd4 11. Qxd4 Qxd4 12. Nxd4 a6 13. O-O-O b5 14. Be2 Bb7 15. f3 Nc6 16. e4 Nxd4 17. Rxd4 Rfc8 18. a4 bxa4 19. Rxa4 Rc5 20. Rb4 Bc6 21. Rc4 Rxc4 22. Bxc4 Kf8 23. Kd2 Ke7 24. Ra1 a5 25. Ke3 Nd7 26. Bb5 Bxb5 27. Nxb5 Rb8 28. Rxa5 Ne5 29. b3 Nc6 30. Ra6 Rxb5 31. Rxc6 Rxb3+ 1/2-1/2

[Event "2BLO 2324 SC Erlangen - SK Göggingen"]
[Site "Augsburg"]
[Date "2023.10.22"]
[Round "2.2"]
[White "Miller, Eduard"]
[Black "Braeuer, Franz"]
[Result "1-0"]
[WhiteElo "2342"]
[BlackElo "2444"]
[PlyCount "55"]
[EventDate "2023.??.??"]

1. d4 e6 2. Bf4 Nf6 3. e3 d5 4. Nf3 Bd6 5. Ne5 O-O 6. Nd2 c5 7. c3 b6 8. Bd3 Bb7 9. Qf3 Nc6 10. Qh3 Ne7 11. O-O a5 12. Ng4 Ng6 13. Nxf6+ gxf6 14. Bxd6 Qxd6 15. f4 f5 16. Nf3 f6 17. g4 fxg4 18. Qxg4 f5 19. Qh5 Bc6 20. Kh1 Ra7 21. Rg1 Be8 22. Rg3 Kh8 23. Rag1 Rg7 24. Qh6 Rfg8 25. Ne5 Qe7 26. Bb5 c4 27. Bxe8 Qxe8 28. h4 1-0

[Event "2BLO 2324 SC Erlangen - SK Göggingen"]
[Site "Augsburg"]
[Date "2023.10.22"]
[Round "2.3"]
[White "Prusikin, Michael"]
[Black "Klek, Hanna Marie"]
[Result "1-0"]
[WhiteElo "2507"]
[BlackElo "2273"]
[PlyCount "73"]
[EventDate "2023.??.??"]

1. d4 d5 2. c4 e6 3. Nc3 c5 4. e3 dxc4 5. Bxc4 a6 6. a4 Nc6 7. Nf3 Nf6 8. O-O Be7 9. b3 O-O 10. Bb2 Bd7 11. d5 exd5 12. Nxd5 Bg4 13. h3 Bh5 14. Bxf6 Bxf6 15. Ra2 Bxf3 16. Qxf3 Be5 17. Rd1 Qa5 18. h4 Kh8 19. h5 Rad8 20. Qe2 Nb4 21. Nxb4 cxb4 22. Rad2 Rxd2 23. Rxd2 Qc7 24. Qd1 b5 25. axb5 axb5 26. Rd7 Qc5 27. Bxf7 Bf6 28. g3 Qf5 29. Qd5 Qxd5 30. Bxd5 Rd8 31. Rxd8+ Bxd8 32. Bf7 Bf6 33. Kg2 g5 34. hxg6 Kg7 35. Be8 hxg6 36. f4 g5 37. Kf3 1-0

[Event "2BLO 2324 SC Erlangen - SK Göggingen"]
[Site "Augsburg"]
[Date "2023.10.22"]
[Round "2.4"]
[White "Mijovic, Stefan"]
[Black "Wegener, Olaf"]
[Result "1/2-1/2"]
[WhiteElo "2383"]
[BlackElo "2406"]
[PlyCount "82"]
[EventDate "2023.??.??"]

1. c4 c5 2. Nc3 Nc6 3. g3 g6 4. Bg2 Bg7 5. Nf3 d6 6. O-O e6 7. e3 Nge7 8. d4 O-O 9. b3 Nf5 10. Ne2 e5 11. Bb2 exd4 12. exd4 Qc7 13. Qd2 b6 14. Rad1 Bb7 15. d5 Ne5 16. Ne1 a6 17. h3 b5 18. f4 Nd7 19. Bxg7 Nxg7 20. g4 f5 21. Ng3 Nb6 22. Rc1 Bc8 23. Bf3 h6 24. Ng2 Kh7 25. Be2 Bd7 26. Ne3 Nc8 27. gxf5 gxf5 28. Kh2 Ne7 29. Rg1 Ng6 30. Rcf1 Qd8 31. Nh5 Rg8 32. Nxg7 Rxg7 33. Bh5 Qf6 34. Bxg6+ Rxg6 35. Rxg6 Kxg6 36. Rg1+ Kh7 37. Qd3 Re8 38. Rg3 Re4 39. Ng2 Re7 40. Re3 Rg7 41. Rg3 Re7 1/2-1/2

[Event "2BLO 2324 SC Erlangen - SK Göggingen"]
[Site "Augsburg"]
[Date "2023.10.22"]
[Round "2.5"]
[White "Rozentalis, Eduardas"]
[Black "Schulz, Lukas"]
[Result "1-0"]
[WhiteElo "2473"]
[BlackElo "2324"]
[PlyCount "89"]
[EventDate "2023.??.??"]

1. e4 c5 2. Nf3 Nc6 3. Bb5 g6 4. O-O Bg7 5. c3 e5 6. a3 Nge7 7. b4 d5 8. d3 Qb6 9. Ba4 O-O 10. Nbd2 Kh8 11. Bb2 f5 12. exd5 Nxd5 13. Bxc6 Qxc6 14. bxc5 Nf4 15. d4 e4 16. Ne1 b6 17. c4 Ba6 18. Rb1 Rad8 19. Nc2 bxc5 20. d5 Qd7 21. Bxg7+ Qxg7 22. Rb3 Nd3 23. Qa1 Qxa1 24. Rxa1 Ne5 25. Rc3 Rb8 26. f3 exf3 27. gxf3 Rfe8 28. Re1 Nd7 29. Rce3 Rxe3 30. Rxe3 Rb2 31. Re8+ Kg7 32. Re7+ Kf6 33. Rxd7 Rxc2 34. Rxa7 Rxd2 35. Rxa6+ Ke5 36. a4 Kd4 37. Rb6 Kxc4 38. d6 Kd4 39. a5 c4 40. a6 Kc5 41. Rb8 c3 42. a7 c2 43. Rc8+ Kxd6 44. a8=Q Rd1+ 45. Kg2 1-0

[Event "2BLO 2324 SC Erlangen - SK Göggingen"]
[Site "Augsburg"]
[Date "2023.10.22"]
[Round "2.6"]
[White "Ott, Florian"]
[Black "Nestorovic, Nikola"]
[Result "0-1"]
[WhiteElo "2306"]
[BlackElo "2482"]
[PlyCount "82"]
[EventDate "2023.??.??"]

1. c4 e5 2. Nc3 Nc6 3. Nf3 Nf6 4. e3 d5 5. cxd5 Nxd5 6. Bb5 Nxc3 7. bxc3 Bd6 8. d4 Bd7 9. O-O Qf6 10. Nd2 Rd8 11. Ne4 Qg6 12. Nxd6+ cxd6 13. a4 O-O 14. Kh1 Rfe8 15. Bd2 d5 16. a5 a6 17. Ba4 Na7 18. Bb3 Bb5 19. Rg1 Qf5 20. Be1 e4 21. Bc2 Qe6 22. Qh5 Bd3 23. Bd1 Rd6 24. Bd2 Qg6 25. Qxg6 hxg6 26. f4 exf3 27. gxf3 Rc8 28. Ra4 Nb5 29. Rb4 f6 30. Kg2 Kh7 31. Kf2 g5 32. Re1 Nxc3 33. Bxc3 Rxc3 34. Rxb7 Ra3 35. h4 Ra2+ 36. Kg3 gxh4+ 37. Kxh4 Rg2 38. Kh3 Rg6 39. Rb6 Rd8 40. Bb3 Rh8 41. Bxd5 Rg5 0-1

[Event "2BLO 2324 SC Erlangen - SK Göggingen"]
[Site "Augsburg"]
[Date "2023.10.22"]
[Round "2.7"]
[White "Stankovic, Milos"]
[Black "Hilverda, Alexander"]
[Result "1-0"]
[WhiteElo "2464"]
[BlackElo "2234"]
[PlyCount "75"]
[EventDate "2023.??.??"]

1. e4 e5 2. Nf3 Nc6 3. Bb5 a6 4. Ba4 Nf6 5. O-O Be7 6. Re1 b5 7. Bb3 d6 8. a4 Bg4 9. c3 O-O 10. h3 Bxf3 11. Qxf3 Na5 12. Bc2 c5 13. axb5 axb5 14. d3 Qc7 15. Nd2 Nc6 16. Rb1 Rfb8 17. Nf1 b4 18. Bd2 bxc3 19. bxc3 Ra2 20. Bb3 Ra3 21. Qd1 Na5 22. Bc2 h6 23. Ne3 Bf8 24. Rf1 g6 25. f4 exf4 26. Rxf4 Bg7 27. Rxf6 Bxf6 28. Nd5 Rxb1 29. Nxf6+ Kg7 30. Qxb1 Qb7 31. Qc1 Ra2 32. Nd5 Qb2 33. Bxh6+ Kh7 34. Nf6+ Kh8 35. Qg5 Qxc2 36. Bf8 Qf2+ 37. Kh2 Qh4 38. Qxh4# 1-0

[Event "2BLO 2324 SC Erlangen - SK Göggingen"]
[Site "Augsburg"]
[Date "2023.10.22"]
[Round "2.8"]
[White "Willim, Michael"]
[Black "Pitl, Gregory"]
[Result "0-1"]
[WhiteElo "2138"]
[BlackElo "2370"]
[PlyCount "68"]
[EventDate "2023.??.??"]

1. d4 Nf6 2. c4 e6 3. Nf3 d5 4. Nc3 c6 5. e3 Nbd7 6. Be2 Bd6 7. O-O O-O 8. b3 Ne4 9. Qc2 f5 10. Bb2 Qf6 11. a4 a5 12. Ba3 Bxa3 13. Rxa3 b6 14. cxd5 exd5 15. Raa1 Bb7 16. Rac1 Rac8 17. Qb2 Qe7 18. Rc2 g5 19. g3 Rce8 20. Na2 c5 21. Bb5 f4 22. exf4 gxf4 23. Nc3 Rf5 24. Ne2 fxg3 25. fxg3 Ref8 26. Nf4 Ndf6 27. Rg2 Ng4 28. Re1 Qd6 29. Bd3 Re8 30. Nd2 Ngf6 31. Rge2 Qf8 32. Nxd5 Bxd5 33. Nxe4 Nxe4 34. Bxe4 Rxe4 0-1

[Event "2BLO 2324 SK München Südost - FC Bayer"]
[Site "?"]
[Date "2023.10.22"]
[Round "2.1"]
[White "Domalchuk-Jonasson, Aleksandr"]
[Black "Marcelin, Cyril"]
[Result "1-0"]
[WhiteElo "2392"]
[BlackElo "2456"]
[PlyCount "49"]
[EventDate "2023.??.??"]

1. d4 d5 2. c4 e6 3. Nc3 Nf6 4. cxd5 exd5 5. Bf4 Bd6 6. Bxd6 Qxd6 7. e3 O-O 8. Bd3 b6 9. Nge2 c5 10. dxc5 bxc5 11. h3 Rd8 12. O-O Nc6 13. Rc1 Ne5 14. Bb1 Ba6 15. Re1 Nc4 16. b3 Na3 17. Bd3 Rac8 18. Qd2 Rc7 19. Red1 g6 20. Bxa6 Qxa6 21. Qb2 c4 22. e4 Rcd7 23. Na4 cxb3 24. Nc5 Nc4 25. Qxb3 1-0

[Event "2BLO 2324 SK München Südost - FC Bayer"]
[Site "?"]
[Date "2023.10.22"]
[Round "2.2"]
[White "Kosic, Dragan"]
[Black "Fedorovsky, Michael"]
[Result "1-0"]
[WhiteElo "2392"]
[BlackElo "2414"]
[PlyCount "81"]
[EventDate "2023.??.??"]

1. d4 d5 2. c4 c6 3. Nf3 Nf6 4. Nc3 e6 5. e3 Nbd7 6. Qc2 Bd6 7. Bd3 dxc4 8. Bxc4 b5 9. Be2 Bb7 10. O-O O-O 11. Rd1 Qc7 12. e4 e5 13. g3 exd4 14. Nxd4 Rfe8 15. Nf5 Be5 16. Bf3 g6 17. Nh6+ Kg7 18. Be3 b4 19. Na4 c5 20. Rac1 Rac8 21. Qb3 c4 22. Qxb4 Bxe4 23. Bxe4 Nxe4 24. b3 Bd6 25. Qxc4 Qxc4 26. bxc4 Ne5 27. c5 Be7 28. h4 Bf6 29. Kg2 Rc6 30. Rd4 Nf3 31. Rd7 Ne5 32. Rxa7 Rd8 33. Rb1 Rd3 34. Nxf7 Nxf7 35. Rbb7 Ra3 36. Rxf7+ Kg8 37. Rfb7 Rc8 38. Nb6 Rxa7 39. Rxa7 Rc6 40. Nd5 h5 41. f3 1-0

[Event "2BLO 2324 SK München Südost - FC Bayer"]
[Site "?"]
[Date "2023.10.22"]
[Round "2.3"]
[White "Zajogin, Alexander"]
[Black "Hoefelsauer, Thomas"]
[Result "0-1"]
[WhiteElo "2372"]
[BlackElo "2334"]
[PlyCount "188"]
[EventDate "2023.??.??"]

1. d4 d5 2. c4 c6 3. cxd5 cxd5 4. Bf4 Nc6 5. e3 Nf6 6. Nc3 Bf5 7. Nf3 e6 8. Be2 Bd6 9. Ne5 Bxe5 10. Bxe5 Ne4 11. Nxe4 Bxe4 12. f3 Nxe5 13. dxe5 Qa5+ 14. Qd2 Qxd2+ 15. Kxd2 Bg6 16. h4 h6 17. Rac1 Kd7 18. e4 Rac8 19. exd5 exd5 20. Ke3 f6 21. f4 Bf5 22. Bf3 fxe5 23. fxe5 Be6 24. Rxc8 Rxc8 25. Rd1 Rc5 26. Rd2 b6 27. Be2 a5 28. a3 Ke7 29. Bd3 Kd7 30. Kd4 Rc1 31. Rc2 Rd1 32. Rc3 Rd2 33. b4 axb4 34. axb4 Rxg2 35. Bb5+ Ke7 36. Rc7+ Kd8 37. Rc6 Ke7 38. Rc7+ Kf8 39. Rc6 Rg4+ 40. Kc3 d4+ 41. Kd2 Bf5 42. Rxb6 Rxh4 43. Rd6 Ke7 44. Bc4 Rh2+ 45. Ke1 Rb2 46. b5 d3 47. b6 h5 48. Bxd3 Bxd3 49. Rxd3 Rxb6 50. Rg3 Kf7 51. Rg5 g6 52. Ke2 Rb3 53. Kf2 Kg7 54. Rg1 Rb5 55. Re1 Kf7 56. Kf3 Ke6 57. Kf4 Rb4+ 58. Kg3 Rg4+ 59. Kh3 Rg5 60. Kh4 Rxe5 61. Rg1 Kf6 62. Rf1+ Rf5 63. Ra1 Rf4+ 64. Kg3 g5 65. Ra6+ Kf5 66. Ra5+ Kg6 67. Ra6+ Rf6 68. Ra3 h4+ 69. Kh3 Kh5 70. Ra5 Rf3+ 71. Kg2 Rc3 72. Rb5 h3+ 73. Kh2 Kh4 74. Rb8 Rc2+ 75. Kg1 g4 76. Rb4 Re2 77. Ra4 Kg3 78. Ra3+ Kf4 79. Ra4+ Re4 80. Ra8 g3 81. Rf8+ Kg4 82. Rg8+ Kf3 83. Rf8+ Rf4 84. Rg8 Rb4 85. Rf8+ Ke4 86. Re8+ Kf5 87. Rf8+ Ke6 88. Re8+ Kf7 89. Re1 Kf6 90. Ra1 Kf5 91. Kf1 Kg4 92. Kg1 h2+ 93. Kg2 Rb2+ 94. Kh1 Kh3 0-1